[Event "Panchenko Memorial-B 2021"]
[Site "Chelyabinsk"]
[Date "2021.09.13"]
[Round "1.1"]
[White "Petrukhina, Olga"]
[Black "Bodnaruk, Anastasia"]
[Result "0-1"]
[WhiteElo "2081"]
[BlackElo "2425"]
[Annotator "TA"]
[PlyCount "72"]
[EventDate "2021.09.13"]
[EventType "swiss"]
[EventCountry "RUS"]
[SourceTitle "playchess.com"]
[Source "ChessBase"]
[SourceQuality "1"]

{[%evp 16,72,7,11,12,9,22,0,0,-6,-4,-2,-7,-20,30,-65,-48,-61,-63,-104,-99,-81,-31,-44,0,0,0,0,0,0,50,50,37,-218,-212,-737,-725,-1172,-1054,-5284,-5223,-29984,-29985,-29983,-29984,-29984,-29973,-29980,-29981,-29981,-29982,-29987,-29987,-29987,-29988,-29988,-29989,-29989,-29990]} 1. d4 Nf6 2. c4 g6 3. Nc3 Bg7 4. Nf3 O-O 5. Bg5 c5 6. d5 h6 7. Bh4 d6 8. e3 g5 9. Bg3 Nh5 {E61: King's Indian: Early deviations for White, including Smyslov System.} 10. Bd3 {10.Bd3 is better than 10.Nd2.} e6 11. dxe6 f5 {The position is equal.} 12. Nd2 Nxg3 13. hxg3 {next g4 is good for White.} Bxe6 14. f4 {[#]} g4 $146 ({Predecessor:} 14... Nc6 15. a3 Qe7 16. Nf3 Rae8 17. O-O Bf6 18. Re1 g4 19. Nd2 Qg7 20. Qc2 h5 21. Bxf5 {1-0 (48) Sergienko,S (2432)-Onoprienko,V (2309) Zvenigorod 2008}) 15. Qc2 (15. e4 $11 fxe4 16. Bxe4 (16. Ndxe4 Nc6 $11)) 15... Nc6 $15 16. a3 a6 17. Ne2 Qd7 18. e4 b5 {[%cal Bb7b5,Bb5c4,Bc4c3][%mdl 32]} (18... Ne7 {looks sharper.} 19. O-O-O b5 20. Rhe1 Kh8 21. Nc3 Rab8) 19. exf5 $1 Bxf5 (19... Rxf5 {feels hotter.} 20. cxb5 axb5 21. Bxb5 Qb7 22. Qe4 Bd7) 20. Bxf5 Rxf5 21. Ne4 {Strongly threatening 0-0-0.} bxc4 {...Rf7 is the strong threat.} 22. Nxd6 {[%mdl 64] Deflection} Qxd6 23. Qxf5 {aiming for Qe4.} Re8 {[%cal Re8e2]} 24. Rd1 $2 {[%mdl 8192] [#] Now White is beyond hope.} (24. Qxg4 $14 {was the only good move.} Nd4 25. O-O-O $1) 24... Nd4 $1 $40 {[%mdl 128] Black is out for blood.} 25. Rxd4 $2 (25. Qxg4 Qe7 26. Rd2) 25... cxd4 26. Kd1 c3 27. b4 d3 28. Nxc3 Bxc3 {Black mates.} 29. Qxg4+ Kh8 30. Qf3 Bg7 31. Re1 Rxe1+ 32. Kxe1 Qd4 33. Kd1 Qa1+ 34. Kd2 Qc3+ 35. Ke3 d2+ 36. Ke2 Qc2 {Weighted Error Value: White=1.06/Black=0.07} 0-1

[Event "Panchenko Memorial-B 2021"]
[Site "Chelyabinsk"]
[Date "2021.09.13"]
[Round "1.2"]
[White "Guseva, Marina"]
[Black "Petrenko, Svetlana"]
[Result "1-0"]
[WhiteElo "2418"]
[BlackElo "2046"]
[Annotator "TA"]
[PlyCount "85"]
[EventDate "2021.09.13"]
[EventType "swiss"]
[EventCountry "RUS"]
[SourceTitle "playchess.com"]
[Source "ChessBase"]
[SourceQuality "1"]

{[%evp 9,85,58,62,47,54,51,63,54,81,83,83,75,94,81,95,87,121,81,127,130,138,68,95,68,86,52,103,110,55,58,179,158,147,170,198,205,221,212,223,197,223,120,139,130,253,44,30,45,41,0,192,137,473,473,382,397,695,647,913,901,844,806,1050,997,945,685,971,575,1719,1694,29981,29981,29987,29988,29988,29989,29989,29990]} 1. d4 d5 2. c4 e6 3. Nf3 f5 4. Bf4 Nf6 5. e3 Be7 6. Be2 {A84: Dutch Defence: 2 c4 Miscellaneous.} O-O 7. O-O {[#]} Nh5 $146 ({Predecessor:} 7... c6 8. Nc3 Ne4 9. h3 Nd7 10. Rc1 Ndf6 11. Ne5 Nd7 12. Nxe4 Nxe5 13. Bxe5 fxe4 14. f3 exf3 15. Rxf3 Rxf3 16. Bxf3 Bd6 17. Bxd6 Qxd6 {½-½ (39) Bezgodov,A (2452)-Gleizerov,E (2487) Cheliabinsk 2018}) 8. Be5 {White is slightly better.} g6 9. Nc3 c6 10. h3 Nd7 11. Bh2 $1 Ng7 12. Rb1 a6 13. b4 b5 14. cxb5 axb5 15. Qc2 (15. a4 $1 $16) 15... Ra3 16. Rfc1 Bb7 17. Qb2 Ra7 (17... Qa8 $14) 18. Ra1 $1 $16 Nb6 19. Qb3 {Nxb5! is the strong threat.} Bd6 {[#]} (19... Qa8 $14) 20. Bxd6 $1 $18 Qxd6 {[#]} 21. Bxb5 $1 cxb5 22. Nxb5 {[%mdl 64] Double Attack} Qb8 23. Nxa7 Qxa7 24. a4 Nc4 25. Ne5 (25. b5 $18) 25... Nxe5 $16 26. dxe5 f4 (26... d4 $16) 27. b5 $2 ({White should play} 27. exf4 $18 d4 28. b5) 27... fxe3 $14 28. Qxe3 d4 29. Qd3 {aiming for Rc7.} (29. Qd2 {with more complications.} Nh5 30. Rc7 Nf4 31. Kh2 Qb8 32. Rac1) 29... Nf5 $2 (29... Nh5 $11 30. g3 Ba8) 30. a5 (30. Rc7 $18) 30... Bxg2 $2 {[%mdl 8192]} (30... Bd5 $16) 31. Kxg2 $18 Qa8+ 32. Rc6 Ne7 $2 (32... Nh4+ 33. Kf1 Qd8) 33. Qc4 Nxc6 34. Qxe6+ Kg7 35. bxc6 {[%mdl 4096] Endgame KQR-KQR} d3 36. Qd7+ Rf7 37. Qd5 d2 38. Rd1 Ra7 39. Rxd2 Rxa5 40. Qe4 {White mates.} Ra4 41. Rd7+ Kh6 42. Qe3+ g5 43. Rd6+ {Weighted Error Value: White=0.40/Black=0.92} 1-0

[Event "Panchenko Memorial-B 2021"]
[Site "Chelyabinsk"]
[Date "2021.09.13"]
[Round "1.3"]
[White "Danilova, Rada"]
[Black "Balabayeva, Xeniya"]
[Result "0-1"]
[WhiteElo "2030"]
[BlackElo "2318"]
[Annotator "TA"]
[PlyCount "63"]
[EventDate "2021.09.13"]
[EventType "swiss"]
[EventCountry "RUS"]
[SourceTitle "playchess.com"]
[Source "ChessBase"]
[SourceQuality "1"]

{[%evp 9,63,24,21,26,29,29,24,15,55,47,60,56,47,55,70,6,8,4,29,18,23,0,0,0,0,0,0,0,0,0,71,-55,-77,-75,291,300,300,287,253,113,131,-1070,-1058,-1102,-1061,-1093,-1086,-1489,-1479,-2423,-2097,-2343,-2282,-29983,-29983,-29992]} 1. d4 d5 2. c4 e6 3. Nc3 a6 4. cxd5 exd5 5. Nf3 h6 6. Bf4 {D31: Queen's Gambit Declined: Semi-Slav without ...Nf6 (+ Marshall Gambit and Noteboom) and Exchange Variation lines without ...Nf6.} Nf6 7. e3 Bd6 8. Ne5 {[#] White has an edge.} c6 $146 ({Predecessor:} 8... O-O 9. Bd3 Re8 10. Bg3 c5 11. O-O cxd4 12. exd4 Nc6 13. Nxc6 bxc6 14. Qd2 Bxg3 15. hxg3 {½-½ (108) Sargissian,G (2689)-Wang,Y (2684) Chess.com INT 2019}) 9. Bd3 O-O 10. O-O Re8 11. h3 Qc7 12. Qf3 ({White should try} 12. Bg3 $1 $14) 12... Nbd7 $11 13. Nxd7 Nxd7 14. Bxd6 Qxd6 15. e4 dxe4 16. Nxe4 Qxd4 {...Ne5 is the strong threat.} 17. Rad1 {Hoping for Nd6!} Ne5 18. Qg3 Nxd3 19. Rxd3 Qxb2 {[#]} (19... Qxe4 $11 20. Re3 Qxe3 21. fxe3 Be6) 20. Nd6 (20. Rd2 $1 $16 {[%cal Rd2b2]} Qe5 21. Qxe5 Rxe5 22. Rd8+ Kh7 23. Nd6 {[%mdl 64] Double Attack}) 20... Rf8 $15 21. f4 f5 $2 {[%mdl 8192]} (21... Be6 $17 {keeps the pressure on. Strongly threatening ...Bd5.} 22. f5 Bd5) 22. Re1 $1 $18 Qf6 ({But not} 22... Qxa2 23. Re7 $18) 23. Ne8 $1 {[%cal Re8f6]} Qf7 {[#]} 24. Rd8 (24. Rde3 $1 $18 {[%cal Re3e7] and the rest is easy. aiming for Re7.} Bd7 25. Nd6) 24... b5 25. Nd6 {[%mdl 8192]} Qa7+ $19 26. Kh2 Rxd8 27. Qg6 Qd7 28. Rd1 Qe6 29. Nxf5 Qxg6 30. Rxd8+ Kh7 31. Ne7 Qf6 32. Rd5 {Weighted Error Value: White=1.01/Black=0.35} 0-1

[Event "Panchenko Memorial-B 2021"]
[Site "Chelyabinsk"]
[Date "2021.09.13"]
[Round "1.4"]
[White "Yakubbaeva, Nilufar"]
[Black "Nasybullina, Dayana"]
[Result "1/2-1/2"]
[WhiteElo "2314"]
[BlackElo "2020"]
[Annotator "TA"]
[PlyCount "140"]
[EventDate "2021.09.13"]
[EventType "swiss"]
[EventCountry "RUS"]
[SourceTitle "playchess.com"]
[Source "ChessBase"]
[SourceQuality "1"]

{[%evp 16,140,46,45,51,44,50,25,28,2,47,-10,40,31,31,29,32,16,22,10,11,8,143,172,164,102,141,115,275,0,0,0,0,0,35,0,463,154,564,574,544,355,306,165,165,172,294,290,272,268,691,684,641,641,892,891,795,452,444,444,444,442,433,374,380,8,8,8,8,8,8,8,8,8,8,8,8,8,8,8,8,8,8,8,8,8,8,8,8,8,8,8,8,8,8,8,8,8,8,0,8,0,8,0,8,8,8,0,0,0,0,0,0,0,0,0,0,0,0,0,0,0,0,0,0,0,0]} 1. e4 c5 2. Nf3 e6 3. d4 cxd4 4. Nxd4 Nc6 5. Nc3 a6 6. Nxc6 bxc6 7. Bd3 Qc7 8. O-O Nf6 9. Qe2 Be7 {B46: Sicilian: Taimanov: 5 Nc3 a6.} 10. e5 Nd5 11. Nxd5 (11. Bd2 {seems wilder.} f5 12. Na4 c5 13. a3 Bb7 14. c4) 11... cxd5 {White has an edge.} 12. c3 {[#]} Bb7 $146 ({Predecessor:} 12... O-O 13. h4 d6 14. Bf4 dxe5 15. Bxe5 Bd6 16. Bxd6 Qxd6 17. Rfe1 Qd8 18. h5 Qg5 {½-½ (33) Florea,M (2227)-Jung,B (2164) ICCF email 2007}) 13. Kh1 (13. Re1 $14) 13... Qc6 14. f4 $36 {[%mdl 2048] White has some pressure.} g6 15. Be3 Bc5 16. Bd4 Bxd4 17. cxd4 Qb6 18. Qe3 O-O-O (18... Rc8 $11 {keeps the balance.}) 19. b4 $16 Kb8 20. a4 ({White should try} 20. Rfb1 $18) 20... Rc8 21. a5 Qxb4 {[#]} (21... Qa7 $16) 22. Rfb1 $2 ({Only move:} 22. Bxa6 $1 $18 {[%mdl 512]} Qc3 (22... Bxa6 23. Rfb1) 23. Qe2) 22... Qc3 $11 23. Rc1 Qb2 24. Rcb1 Qc3 25. Ra4 (25. Ra2 $5 {[%cal Ra2b2]} Ka8 26. h3 $11) 25... Rc4 {[%mdl 8192] [#]} 26. Rxb7+ $1 {[%mdl 512]} Kxb7 $2 (26... Ka8 $16 27. Rxc4 dxc4 28. Rxd7 Qxd3 29. Qxd3 cxd3) 27. Rxc4 $18 Qxa5 28. Rc1 Rc8 29. Rxc8 (29. Rb1+ $142 Ka7 30. Bxa6 $1) 29... Kxc8 30. Qc1+ Kb7 (30... Kd8 $142 31. g3 Qb4) 31. Kg1 Qb4 {[#]} 32. Qb1 $1 {[%cal Rb1b4]} a5 (32... Qxb1+ 33. Bxb1 Kb6) 33. Qxb4+ axb4 {[%mdl 4096] Endgame KB-KP} 34. Bc2 d6 35. g4 dxe5 36. dxe5 Kb6 37. Kf2 Kc5 38. Ke3 Kc4 {[#]} 39. Kd2 $1 Kd4 40. g5 $2 (40. h4 $18) 40... Kc4 $11 {The position is equal.} 41. h3 b3 42. Bb1 b2 43. Bc2 Kb4 $1 44. h4 Kc4 45. Bb1 Kb4 46. Kc2 Kc4 $1 47. Kxb2 {And now Kc1 would win.} Kd4 $1 48. Kb3 Ke3 49. Kc3 Kxf4 {Strongly threatening ...Kg4.} 50. Kd4 Kg4 51. Ke3 Kxh4 52. Kf4 Kh5 53. Bd3 d4 54. Bf1 Kh4 55. Be2 Kh3 56. Bb5 {Threatens to win with Be8.} Kh4 57. Be2 Kh3 58. Bb5 {Be8 is the strong threat.} Kh4 59. Bd3 Kh3 60. Be2 Kh4 61. Bg4 d3 62. Bd1 Kh3 63. Bf3 d2 64. Be2 (64. Ke3 {keeps more tension.} Kg3 65. Be2 Kh4 66. Kxd2 Kxg5 67. Bb5) 64... Kg2 65. Ke3 Kg3 66. Bf3 (66. Bd1 {is more complex.} Kh4 67. Kf4 Kh3 68. Ke3 Kh4) 66... Kh4 67. Kf4 Kh3 68. Be2 Kg2 69. Ke3 Kg3 70. Bf3 Kh4 {Black defended with fortune.  Weighted Error Value: White=0.39/Black=0.46} 1/2-1/2

[Event "Panchenko Memorial-B 2021"]
[Site "Chelyabinsk"]
[Date "2021.09.13"]
[Round "1.5"]
[White "Turebayeva, Alfiya"]
[Black "Kovanova, Baira"]
[Result "0-1"]
[WhiteElo "2015"]
[BlackElo "2310"]
[Annotator "TA"]
[PlyCount "74"]
[EventDate "2021.09.13"]
[EventType "swiss"]
[EventCountry "RUS"]
[SourceTitle "playchess.com"]
[Source "ChessBase"]
[SourceQuality "1"]

{[%evp 14,74,44,25,25,16,10,6,8,3,8,16,2,0,30,27,71,92,74,80,68,61,125,111,120,106,119,115,222,213,236,116,103,-35,-26,-38,72,55,90,79,90,72,106,-22,-24,-167,-29,-29,-37,-108,-103,-259,-245,-302,-285,-1028,-989,-1390,-1342,-1304,-1257,-2574,-1291]} 1. e4 e5 2. Nf3 d6 3. d4 exd4 4. Nxd4 Nf6 5. Nc3 Be7 6. Be2 O-O 7. O-O Re8 8. Re1 Bf8 {C41: Philidor Defence.} 9. Bf3 c6 10. Bf4 Nbd7 {The position is equal.} 11. Bg3 Ne5 12. Be2 Ng6 13. Qd3 {[#]} Nd7 $146 ({Predecessor:} 13... d5 14. exd5 Nxd5 15. Nxd5 Qxd5 16. Qc3 Qc5 17. Bc4 Bd7 18. Nb3 Qb4 19. Qxb4 Bxb4 {0-1 (46) El Ters,A (2208)-Ibanez Iglesias,J (2059) Montevideo 2015}) 14. Rad1 Nde5 15. Qd2 b5 16. f4 Qb6 17. Kh1 (17. fxe5 dxe5 18. Bf2 Bc5 $11) 17... Ng4 ({Black should play} 17... Nc4 $14 18. Qc1 Na5) 18. Bf3 $16 h5 19. h3 b4 20. Na4 (20. hxg4 $6 bxc3 21. bxc3 (21. Qxc3 hxg4 22. Be2 Rxe4 $11) 21... hxg4 $11) 20... Qa5 (20... Qa6 $16 {was necessary.}) 21. b3 $18 (21. hxg4 $6 hxg4 22. Be2 (22. Nxc6 Qxa4 {[%mdl 64] Double Attack} 23. Nxb4 gxf3 $17) 22... Qxa4 $16) 21... Bd7 22. e5 (22. Nf5 $18 {is more deadly.}) 22... dxe5 $16 23. Nxc6 (23. hxg4 $16 {f5 is the strong threat.} exd4 24. gxh5) 23... Bxc6 $15 24. Bxc6 {[#]} Rad8 25. Qe2 $16 Re7 26. f5 {[%cal Rf5g6]} (26. hxg4 $2 exf4 27. Qb5 Qxb5 $17) 26... Nf4 27. Qf3 Nf6 28. Bf2 (28. Bh4 $1 $16) 28... Rxd1 $11 29. Qxd1 {[#]} (29. Rxd1 $11 Rc7 30. Rd2) 29... Qc7 ({Black should try} 29... Qa6 $1 $19 {[%cal Ra6c6]} 30. Qf3 {[#]} Nxh3 $1) 30. Qf3 Qc8 31. Be4 (31. Bh4 $1 $15) 31... Rc7 $17 32. Bg3 $2 (32. Rc1 $17) 32... Nxe4 $19 33. Qxe4 Rxc2 {[%mdl 64] Double Attack} 34. Qxe5 $2 (34. Bxf4 exf4 35. f6) 34... Nd3 {[%mdl 64] Double Attack. Black is clearly winning.} 35. Qe3 Nxe1 36. Bxe1 Qxf5 37. Kh2 Qd5 {[%csl Gc2][%cal Rd5g2] Black used his chance.  Weighted Error Value: White=0.76/Black=0.29} 0-1

[Event "Panchenko Memorial-B 2021"]
[Site "Chelyabinsk"]
[Date "2021.09.14"]
[Round "2.1"]
[White "Bodnaruk, Anastasia"]
[Black "Yakimova, Mariya"]
[Result "0-1"]
[WhiteElo "2425"]
[BlackElo "2185"]
[Annotator "ChessBase"]
[PlyCount "92"]
[EventDate "2021.09.13"]
[EventType "swiss"]
[EventCountry "RUS"]
[SourceTitle "playchess.com"]
[Source "ChessBase"]
[SourceQuality "1"]
[TimeControl "5400+30"]

1. e4 {[%emt 0:00:03]} c5 {[%emt 0:00:06]} 2. Nf3 {[%emt 0:00:10]} d6 {[%emt 0:00:14]} 3. d4 {[%emt 0:00:07]} cxd4 {[%emt 0:00:05]} 4. Nxd4 {[%emt 0:00:02]} Nf6 {[%emt 0:00:05]} 5. Nc3 {[%emt 0:00:03]} a6 {[%emt 0:00:04]} 6. Nb3 {[%emt 0:01:07]} Nc6 {[%emt 0:07:23]} 7. Be2 {[%emt 0:05:01]} e6 {[%emt 0:09:57]} 8. O-O {[%emt 0:03:28]} Be7 {[%emt 0:00:12]} 9. Be3 {[%emt 0:01:14]} b5 {[%emt 0:03:41]} 10. a3 {[%emt 0:02:32]} O-O {[%emt 0:01:42]} 11. f4 {[%emt 0:01:16]} Bb7 {[%emt 0:02:17]} 12. Bf3 {[%emt 0:02:41]} Rc8 {[%emt 0:04:49]} 13. g4 {[%emt 0:04:58]} b4 {[%emt 0:11:18]} 14. axb4 {[%emt 0:03:17]} Nxb4 {[%emt 0:00:23]} 15. g5 {[%emt 0:03:11]} Nd7 {[%emt 0:00:30]} 16. Qe2 {[%emt 0:20:54]} e5 {[%emt 0:06:09]} 17. Rfd1 {[%emt 0:04:01]} Re8 {[%emt 0:08:21]} 18. Qf2 {[%emt 0:09:15]} exf4 {[%emt 0:09:56]} 19. Bxf4 {[%emt 0:01:44]} Bxg5 {[%emt 0:02:37]} 20. Bxd6 {[%emt 0:02:33]} Rxc3 {[%emt 0:05:04]} 21. bxc3 {[%emt 0:01:21]} Nd5 {[%emt 0:00:10]} 22. Rd3 {[%emt 0:10:30]} Be3 {[%emt 0:00:45]} 23. Rxe3 {[%emt 0:00:05]} Qg5+ {[%emt 0:00:07]} 24. Bg3 {[%emt 0:01:36]} Nxe3 {[%emt 0:00:15]} 25. Ra5 {[%emt 0:03:14]} Ne5 {[%emt 0:10:02]} 26. Bh1 {[%emt 0:06:47]} N3c4 {[%emt 0:02:52]} 27. Ra1 {[%emt 0:03:32]} h5 {[%emt 0:01:44]} 28. Bg2 {[%emt 0:04:49]} Ng4 {[%emt 0:04:11]} 29. Qc5 {[%emt 0:00:05]} Nce5 {[%emt 0:02:18]} 30. h4 {[%emt 0:02:12]} Qg6 {[%emt 0:01:15]} 31. Re1 {[%emt 0:01:08]} Rc8 {[%emt 0:02:12]} 32. Qb4 {[%emt 0:01:07]} Ba8 {[%emt 0:01:19]} 33. Nd4 {[%emt 0:00:24]} Kh7 {[%emt 0:02:45]} 34. Qe7 {[%emt 0:01:08]} f6 {[%emt 0:01:44]} 35. Qb4 {[%emt 0:01:44]} Qf7 {[%emt 0:00:13]} 36. Ra1 {[%emt 0:00:33]} Qa7 {[%emt 0:01:01]} 37. Qd6 {[%emt 0:00:35]} a5 {[%emt 0:00:22]} 38. Kh1 {[%emt 0:00:28]} a4 {[%emt 0:00:32]} 39. Qb4 {[%emt 0:00:25]} Rc4 {[%emt 0:00:20]} 40. Qf8 {[%emt 0:00:23]} Ng6 {[%emt 0:00:43]} 41. Qe8 {[%emt 0:00:25]} Rxc3 {[%emt 0:00:27]} 42. Rxa4 {[%emt 0:00:42]} Qb7 {[%emt 0:00:12]} 43. Nb5 {[%emt 0:00:37]} Rc8 {[%emt 0:00:30]} 44. Ra7 {[%emt 0:00:32]} Rxe8 {[%emt 0:00:48]} 45. Rxb7 {[%emt 0:00:03]} Bxb7 {[%emt 0:00:04]} 46. Nd6 {[%emt 0:00:08]} Re7 {[%emt 0:00:05]} 0-1

[Event "Panchenko Memorial-B 2021"]
[Site "Chelyabinsk"]
[Date "2021.09.14"]
[Round "2.2"]
[White "Zhapova, Yana"]
[Black "Guseva, Marina"]
[Result "1-0"]
[WhiteElo "2212"]
[BlackElo "2418"]
[Annotator "ChessBase"]
[PlyCount "57"]
[EventDate "2021.09.13"]
[EventType "swiss"]
[EventCountry "RUS"]
[SourceTitle "playchess.com"]
[Source "ChessBase"]
[SourceQuality "1"]
[TimeControl "5400+30"]

1. e4 {[%emt 0:00:05]} c5 {[%emt 0:00:03]} 2. Nf3 {[%emt 0:00:13]} d6 {[%emt 0:00:03]} 3. Bb5+ {[%emt 0:00:13]} Nd7 {[%emt 0:00:03]} 4. Ba4 {[%emt 0:00:24]} a6 {[%emt 0:00:18]} 5. c4 {[%emt 0:00:13]} Ngf6 {[%emt 0:00:09]} 6. O-O {[%emt 0:00:12]} e6 {[%emt 0:00:14]} 7. Nc3 {[%emt 0:00:23]} Be7 {[%emt 0:00:05]} 8. d4 {[%emt 0:04:34]} cxd4 {[%emt 0:00:18]} 9. Qxd4 {[%emt 0:00:11]} O-O {[%emt 0:00:05]} 10. Rd1 {[%emt 0:01:00]} Qc7 {[%emt 0:00:06]} 11. Bxd7 {[%emt 0:02:28]} Bxd7 {[%emt 0:03:22]} 12. Bf4 {[%emt 0:00:07]} Bc6 {[%emt 0:18:50]} 13. Bxd6 {[%emt 0:00:46]} Bxd6 {[%emt 0:00:05]} 14. Qxd6 {[%emt 0:00:11]} Qxd6 {[%emt 0:01:36]} 15. Rxd6 {[%emt 0:00:08]} Bxe4 {[%emt 0:00:04]} 16. Ne5 {[%emt 0:00:51]} Rac8 {[%emt 0:03:07]} 17. Rad1 {[%emt 0:02:56]} Bc2 {[%emt 0:01:59]} 18. R1d4 {[%emt 0:03:35]} h6 {[%emt 0:06:29]} 19. Rb6 {[%emt 0:05:01]} Rc7 {[%emt 0:01:21]} 20. b4 {[%emt 0:06:56]} Ra8 {[%emt 0:11:00]} 21. f4 {[%emt 0:01:33]} Kf8 {[%emt 0:02:18]} 22. a4 {[%emt 0:05:51]} Ke7 {[%emt 0:04:36]} 23. a5 {[%emt 0:01:21]} g5 {[%emt 0:03:14]} 24. c5 {[%emt 0:12:05]} Bb3 {[%emt 0:06:45]} 25. Nc4 {[%emt 0:02:55]} Rb8 {[%emt 0:08:14]} 26. Rbd6 {[%emt 0:07:21]} Bxc4 {[%emt 0:05:17]} 27. Rxc4 {[%emt 0:00:08]} gxf4 {[%emt 0:01:29]} 28. Rxf4 {[%emt 0:00:12]} Rg8 {[%emt 0:00:05]} 29. Rxf6 {[%emt 0:00:27]} 1-0

[Event "Panchenko Memorial-B 2021"]
[Site "Chelyabinsk"]
[Date "2021.09.14"]
[Round "2.3"]
[White "Balabayeva, Xeniya"]
[Black "Nur-Mukhametova, Alisa"]
[Result "1-0"]
[WhiteElo "2318"]
[BlackElo "2170"]
[Annotator "ChessBase"]
[PlyCount "127"]
[EventDate "2021.09.13"]
[EventType "swiss"]
[EventCountry "RUS"]
[SourceTitle "playchess.com"]
[Source "ChessBase"]
[SourceQuality "1"]
[TimeControl "5400+30"]

1. e4 {[%emt 0:00:03]} c5 {[%emt 0:00:32]} 2. Nf3 {[%emt 0:00:08]} Nc6 {[%emt 0:00:36]} 3. Bb5 {[%emt 0:02:58]} g6 {[%emt 0:01:17]} 4. O-O {[%emt 0:00:51]} Bg7 {[%emt 0:00:07]} 5. Re1 {[%emt 0:00:34]} e5 {[%emt 0:00:34]} 6. a4 {[%emt 0:04:03]} Nge7 {[%emt 0:00:20]} 7. Nc3 {[%emt 0:01:40]} O-O {[%emt 0:03:20]} 8. d3 {[%emt 0:05:03]} d6 {[%emt 0:05:53]} 9. h3 {[%emt 0:04:37]} h6 {[%emt 0:02:45]} 10. Bc4 {[%emt 0:10:00]} Kh7 {[%emt 0:04:03]} 11. Nd5 {[%emt 0:05:41]} Nxd5 {[%emt 0:06:18]} 12. Bxd5 {[%emt 0:02:33]} Ne7 {[%emt 0:06:30]} 13. Ba2 {[%emt 0:09:32]} f5 {[%emt 0:03:23]} 14. Bd2 {[%emt 0:02:55]} a5 {[%emt 0:05:30]} 15. c3 {[%emt 0:06:39]} Bd7 {[%emt 0:02:45]} 16. Bc4 {[%emt 0:03:38]} Qc7 {[%emt 0:08:40]} 17. Bb5 {[%emt 0:05:40]} Nc6 {[%emt 0:17:27]} 18. Rc1 {[%emt 0:10:07]} Qd8 {[%emt 0:03:50]} 19. Qe2 {[%emt 0:03:21]} f4 {[%emt 0:05:36]} 20. Rb1 {[%emt 0:04:20]} g5 {[%emt 0:01:32]} 21. Nh2 {[%emt 0:02:13]} Be6 {[%emt 0:10:44]} 22. Bc4 {[%emt 0:01:22]} Bc8 {[%emt 0:01:06]} 23. f3 {[%emt 0:07:43]} Ne7 {[%emt 0:00:40]} 24. Kf2 {[%emt 0:01:19]} Ng8 {[%emt 0:01:19]} 25. Bxg8+ {[%emt 0:01:45]} Rxg8 {[%emt 0:00:22]} 26. Rh1 {[%emt 0:01:01]} Be6 {[%emt 0:05:02]} 27. c4 {[%emt 0:00:28]} h5 {[%emt 0:00:28]} 28. Bc3 {[%emt 0:01:52]} Qd7 {[%emt 0:00:28]} 29. b3 {[%emt 0:00:49]} Bf6 {[%emt 0:00:32]} 30. Ke1 {[%emt 0:01:06]} Kg7 {[%emt 0:00:40]} 31. Kd2 {[%emt 0:00:32]} Kf7 {[%emt 0:00:35]} 32. Rbg1 {[%emt 0:00:33]} Rh8 {[%emt 0:02:41]} 33. Kc2 {[%emt 0:00:39]} b6 {[%emt 0:00:11]} 34. Be1 {[%emt 0:00:54]} b5 {[%emt 0:01:11]} 35. axb5 {[%emt 0:00:42]} a4 {[%emt 0:00:13]} 36. bxa4 {[%emt 0:00:25]} Rxa4 {[%emt 0:00:02]} 37. Bc3 {[%emt 0:00:09]} Ra2+ {[%emt 0:00:29]} 38. Bb2 {[%emt 0:00:05]} Qa7 {[%emt 0:00:46]} 39. Ra1 {[%emt 0:01:22]} Qa4+ {[%emt 0:00:00]} 40. Kb1 {[%emt 0:00:07]} Ra8 {[%emt 0:00:42]} 41. Rxa2 {[%emt 0:00:06]} Qxa2+ {[%emt 0:00:06]} 42. Kc1 {[%emt 0:00:30]} Bd8 {[%emt 0:01:41]} 43. Qc2 {[%emt 0:00:37]} Ba5 {[%emt 0:00:30]} 44. Kd1 {[%emt 0:00:24]} Bb4 {[%emt 0:00:30]} 45. Ke2 {[%emt 0:01:09]} Qa7 {[%emt 0:00:30]} 46. Ra1 {[%emt 0:00:27]} Qb7 {[%emt 0:00:02]} 47. Ra4 {[%emt 0:00:15]} Ra5 {[%emt 0:00:58]} 48. Rxa5 {[%emt 0:00:16]} Bxa5 {[%emt 0:00:04]} 49. Bc3 {[%emt 0:00:39]} Bxc3 {[%emt 0:00:57]} 50. Qxc3 {[%emt 0:00:01]} Qa7 {[%emt 0:00:22]} 51. Qb2 {[%emt 0:00:12]} Bc8 {[%emt 0:00:25]} 52. Nf1 {[%emt 0:00:19]} g4 {[%emt 0:00:28]} 53. hxg4 {[%emt 0:00:06]} hxg4 {[%emt 0:00:03]} 54. Nd2 {[%emt 0:00:22]} g3 {[%emt 0:00:34]} 55. Qb1 {[%emt 0:00:22]} Kg7 {[%emt 0:00:43]} 56. Qh1 {[%emt 0:00:32]} Qe7 {[%emt 0:00:29]} 57. Nb3 {[%emt 0:01:05]} Be6 {[%emt 0:00:35]} 58. Na5 {[%emt 0:00:39]} Qa7 {[%emt 0:00:20]} 59. Qa1 {[%emt 0:00:13]} Qe7 {[%emt 0:01:01]} 60. b6 {[%emt 0:00:21]} Bc8 {[%emt 0:00:08]} 61. Qb1 {[%emt 0:01:09]} Bb7 {[%emt 0:00:30]} 62. Qb5 {[%emt 0:00:41]} Kf7 {[%emt 0:00:15]} 63. Nxb7 {[%emt 0:00:25]} Qxb7 {[%emt 0:00:01]} 64. Qa5 {[%emt 0:00:16]} 1-0